000 00380nam a2200145Ia 4500
008 210210b2000 xxu||||| |||| 00| 0 eng d
082 _a324.254 ZAKH
100 _aZAKARIA (Rafiq)
245 _aHundred glorious years
260 _aBombay
_bIndian National Congress
_c2000
300 _a351
650 _aIndian national congress
690 _aPolitical Process
906 _a038013
999 _c87969
_d87969